[Event "Kieler Open 2021"]
[Site "Kiel"]
[Date "2021.07.30"]
[Round "9.18"]
[White "Schalla, Dieter"]
[Black "Nittel, Christian"]
[Result "1/2-1/2"]
[WhiteElo "2043"]
[BlackElo "1795"]
[Annotator "HJH"]
[PlyCount "86"]
[EventDate "2021.??.??"]

1. c4 c5 2. Nc3 Nc6 3. g3 g6 4. Bg2 Bg7 5. Nf3 Nf6 6. O-O O-O 7. d4 cxd4 8.
Nxd4 Nxd4 9. Qxd4 Qc7 10. Qd3 a6 11. b3 d6 12. Bb2 Bd7 13. Nd5 Nxd5 14. Bxg7
Kxg7 15. Qxd5 Bc6 16. Qd4+ Kg8 17. e4 Rac8 18. Rfe1 Rfd8 19. Rad1 Be8 20. Re2
b5 21. Rc2 Qc5 22. Qd3 bxc4 23. Rxc4 Qa5 24. Rc2 Bd7 25. Qd2 Qxd2 26. Rdxd2
Rxc2 27. Rxc2 Rc8 28. Rxc8+ Bxc8 29. Kf1 Kf8 30. Ke2 Ke8 31. Kd3 Kd8 32. Kd4
Kc7 33. Bf1 Bb7 34. f4 Kd7 35. Bd3 f6 36. g4 e5+ 37. fxe5 fxe5+ 38. Kc4 Ke6 39.
Kc3 d5 40. exd5+ Kxd5 41. Kd2 Kd4 42. g5 a5 43. Bc4 Ke4 1/2-1/2

[Event "Kieler Open 2021"]
[Site "Kiel"]
[Date "2021.07.30"]
[Round "9.19"]
[White "Schmidt, Peter"]
[Black "Sauer, Tim"]
[Result "1/2-1/2"]
[WhiteElo "1913"]
[BlackElo "1767"]
[Annotator "HJH"]
[PlyCount "51"]
[EventDate "2021.??.??"]

1. e4 c5 2. Nf3 g6 3. d4 cxd4 4. Bc4 Bg7 5. O-O Nc6 6. c3 dxc3 7. Nxc3 d6 8.
Qe2 Nf6 9. h3 O-O 10. Rd1 Qa5 11. Bd2 Qh5 12. Rac1 Nd7 13. Nd5 Nde5 14. Nxe5
Qxe2 15. Bxe2 Bxe5 16. Bc3 Bxc3 17. Rxc3 Bd7 18. Bb5 Rae8 19. f4 f5 20. e5 Nxe5
21. fxe5 Bxb5 22. Nc7 Bc6 23. Nxe8 Rxe8 24. exd6 exd6 25. Rxd6 Re2 26. Rcxc6
1/2-1/2

[Event "Kieler Open 2021"]
[Site "Kiel"]
[Date "2021.07.30"]
[Round "9.20"]
[White "Peglau, Mirjam"]
[Black "Ahrens, Jan"]
[Result "1-0"]
[WhiteElo "1906"]
[BlackElo "1724"]
[Annotator "HJH"]
[PlyCount "111"]
[EventDate "2021.??.??"]

1. d4 d5 2. Nf3 e6 3. Bf4 Bd6 4. Bg3 b6 5. e3 Bb7 6. Nbd2 Nf6 7. Bd3 Bxg3 8.
hxg3 Nbd7 9. Rc1 h6 10. O-O c5 11. c3 Qe7 12. Re1 O-O 13. Bb1 c4 14. e4 dxe4
15. Nxe4 Nxe4 16. Bxe4 Bxe4 17. Rxe4 Rfd8 18. Qa4 Rdc8 19. Re2 a6 20. Rce1 b5
21. Qc2 Nf6 22. Re5 Ng4 23. Rh5 Nf6 24. Rh1 a5 25. Ne5 a4 26. a3 Ra6 27. Qe2
Rd6 28. f4 Rd5 29. g4 Nh7 30. Qe4 Nf6 31. Qf3 Nh7 32. Qh3 f6 33. Nf3 Re8 34.
Nh4 Qf7 35. Qe3 Qc7 36. Nf3 Qf7 37. g3 Qg6 38. Rh4 f5 39. Ne5 Qf6 40. gxf5 exf5
41. Nd7 Rxe3 42. Nxf6+ Nxf6 43. Rxe3 Ne4 44. g4 Nd6 45. Re5 Rxe5 46. fxe5 Ne4
47. gxf5 Ng3 48. f6 Nf5 49. Rg4 Kf7 50. fxg7 Nxg7 51. Kf2 Nf5 52. Kf3 Ne7 53.
Ke4 Ke6 54. Rf4 Nd5 55. Rh4 Ne7 56. Rxh6+ 1-0

[Event "Kieler Open 2021"]
[Site "Kiel"]
[Date "2021.07.30"]
[Round "9.21"]
[White "Weber, Andreas"]
[Black "Meyer, Jürgen"]
[Result "0-1"]
[WhiteElo "1696"]
[BlackElo "2011"]
[Annotator "HJH"]
[PlyCount "124"]
[EventDate "2021.??.??"]

1. Nf3 c5 2. g3 Nc6 3. Bg2 e5 4. e4 g6 5. d3 Bg7 6. Nbd2 Nge7 7. O-O O-O 8. c3
d6 9. Nc4 h6 10. h4 Be6 11. Nh2 d5 12. Nd2 Qd7 13. Re1 Rad8 14. exd5 Nxd5 15.
Ne4 b6 16. f3 Bh3 17. Bh1 Be6 18. Qc2 f5 19. Nf2 Rfe8 20. Bd2 Qc7 21. Rad1 Nf6
22. f4 Bd5 23. Bxd5+ Nxd5 24. Qc1 exf4 25. gxf4 Qf7 26. Nf3 Rxe1+ 27. Rxe1 Re8
28. Nh3 Rxe1+ 29. Qxe1 Qe7 30. Kf1 Qxe1+ 31. Kxe1 Kf7 32. Kd1 Ke6 33. Kc2 Nf6
34. Kb3 Ne8 35. Kc2 Bf6 36. Kd1 Nd6 37. Kc2 b5 38. Be3 c4 39. d4 Ne4 40. Bc1
Kd5 41. Be3 a5 42. Ne5 Bxh4 43. Nxg6 Bg3 44. Ng1 h5 45. Nf3 b4 46. Ngh4 Ne7 47.
a3 bxa3 48. bxa3 Nd6 49. Ng2 a4 50. Ng5 h4 51. Nh3 Nb5 52. Bc1 Nd6 53. Bd2 Ke6
54. Ne3 Kf6 55. Nf1 Nd5 56. Ne3 Nxe3+ 57. Bxe3 Ne4 58. d5 Ke7 59. Bd4 Kd6 60.
Kd1 Kxd5 61. Ke2 Nd6 62. Ng5 Nb5 0-1

[Event "Kieler Open 2021"]
[Site "Kiel"]
[Date "2021.07.30"]
[Round "9.22"]
[White "Ahrens, Gunnar"]
[Black "Kort, Felix"]
[Result "0-1"]
[WhiteElo "1692"]
[BlackElo "1816"]
[Annotator "HJH"]
[PlyCount "80"]
[EventDate "2021.??.??"]

1. Nf3 Nf6 2. b3 e6 3. Bb2 c5 4. e3 d5 5. c4 Nc6 6. Be2 d4 7. exd4 cxd4 8. d3
e5 9. Nbd2 Be7 10. O-O Nd7 11. Ne1 O-O 12. a3 a5 13. f4 exf4 14. Rxf4 Bg5 15.
Rg4 Nde5 16. Rxg5 Qxg5 17. Ne4 Qh6 18. Nc2 Bf5 19. Ng3 Bg6 20. Bc1 Qh4 21. Ne1
Rae8 22. Bf3 f5 23. Bd5+ Kh8 24. Bd2 f4 25. Ne4 Nxd3 26. Nf3 Qd8 27. Neg5 Rf6
28. Nh4 Qe7 29. Nxg6+ hxg6 30. Qg4 Qe2 31. Bf3 Qxd2 32. Qh4+ Kg8 33. Bd5+ Ree6
34. Bxe6+ Rxe6 35. Qh7+ Kf8 36. Nxe6+ Kf7 37. Ng5+ Ke8 38. Qxg6+ Kd8 39. Qd6+
Kc8 40. Ne6 Qe3+ 0-1

[Event "Kieler Open 2021"]
[Site "Kiel"]
[Date "2021.07.30"]
[Round "9.23"]
[White "Hentrop, Malte"]
[Black "Schmieder, Kerstin"]
[Result "1-0"]
[WhiteElo "1805"]
[BlackElo "1658"]
[Annotator "HJH"]
[PlyCount "27"]
[EventDate "2021.??.??"]

1. d4 d6 2. c4 Bf5 3. Nc3 Nc6 4. e4 Bg6 5. f4 f5 6. d5 Nb8 7. e5 dxe5 8. fxe5
c6 9. Nf3 cxd5 10. cxd5 a6 11. Qa4+ Qd7 12. Bb5 Nc6 13. dxc6 bxc6 14. Bxc6 1-0

[Event "Kieler Open 2021"]
[Site "Kiel"]
[Date "2021.07.30"]
[Round "9.24"]
[White "Ermert, Karl Hans Rag"]
[Black "Lambrecht, Niklas"]
[Result "0-1"]
[WhiteElo "1767"]
[BlackElo "1654"]
[Annotator "HJH"]
[PlyCount "50"]
[EventDate "2021.??.??"]

1. e4 e5 2. Nf3 Nc6 3. Bc4 Nf6 4. Ng5 d5 5. exd5 Na5 6. Bb5+ c6 7. dxc6 bxc6 8.
Be2 h6 9. Nf3 e4 10. Ne5 Bc5 11. c3 Bd6 12. d4 exd3 13. Nxd3 Qc7 14. g3 O-O 15.
O-O Bh3 16. Re1 Rfd8 17. Qa4 Bf5 18. Qh4 Re8 19. Bxh6 Rxe2 20. Qg5 Rxe1+ 21.
Nxe1 Bg6 22. Qh4 Qe7 23. Be3 Nd5 24. Qxe7 Bxe7 25. Ng2 Nc4 0-1

[Event "Kieler Open 2021"]
[Site "Kiel"]
[Date "2021.07.30"]
[Round "9.25"]
[White "Weihrauch, Sebastian"]
[Black "Rohmann, Volker"]
[Result "1-0"]
[WhiteElo "1591"]
[BlackElo "1766"]
[Annotator "HJH"]
[PlyCount "77"]
[EventDate "2021.??.??"]

1. e4 e5 2. Nf3 Nc6 3. Bc4 Bc5 4. c3 Qe7 5. d4 Bb6 6. O-O Nf6 7. d5 Nd8 8. Re1
O-O 9. b4 d6 10. a4 c5 11. a5 Bc7 12. bxc5 dxc5 13. Bf1 Bd6 14. Nbd2 Bg4 15.
Nc4 Nd7 16. Nxd6 Qxd6 17. h3 Bxf3 18. Qxf3 f6 19. Qe3 Nf7 20. Bb5 Rfc8 21. Qg3
Nf8 22. h4 Ng6 23. h5 Ne7 24. Qh3 Rd8 25. a6 b6 26. c4 Kf8 27. Ra3 Rac8 28. Rg3
h6 29. Qg4 Ng5 30. f4 f5 31. exf5 exf4 32. Bxf4 Qf6 33. Bxg5 hxg5 34. Qxg5 Nxf5
35. Qxf6+ gxf6 36. Rf3 Nd4 37. Rxf6+ Kg7 38. Rg6+ Kf7 39. Rf1+ 1-0

[Event "Kieler Open 2021"]
[Site "Kiel"]
[Date "2021.07.30"]
[Round "9.26"]
[White "Gibhardt, Peter"]
[Black "Scheid, Lennart"]
[Result "0-1"]
[WhiteElo "1754"]
[BlackElo "1647"]
[Annotator "HJH"]
[PlyCount "56"]
[EventDate "2021.??.??"]

1. e4 d5 2. exd5 Qxd5 3. Nc3 Qd8 4. Nf3 Bg4 5. Bc4 e6 6. O-O a6 7. a4 Nc6 8. h3
Bh5 9. Re1 Nd4 10. Be2 Nxe2+ 11. Qxe2 Nf6 12. d3 Bb4 13. Bd2 O-O 14. Ne4 Be7
15. Ng3 Bxf3 16. Qxf3 Qd5 17. Qxd5 Nxd5 18. c4 Nf6 19. Ne4 Rfd8 20. Bf4 Rxd3
21. Nxf6+ Bxf6 22. Bxc7 Rc8 23. Ba5 Rxc4 24. Rac1 Rxc1 25. Rxc1 h6 26. b4 Ra3
27. Rc7 Ra1+ 28. Kh2 Be5+ 0-1

[Event "Kieler Open 2021"]
[Site "Kiel"]
[Date "2021.07.30"]
[Round "9.27"]
[White "Thielemann, Joachim"]
[Black "Wartenberg, Alissa"]
[Result "0-1"]
[WhiteElo "1746"]
[BlackElo "1562"]
[Annotator "HJH"]
[PlyCount "127"]
[EventDate "2021.??.??"]

1. e4 e5 2. Nc3 Nf6 3. g3 d5 4. Bg2 dxe4 5. Nxe4 Nc6 6. h3 Bf5 7. Nxf6+ Qxf6 8.
Nf3 Bc5 9. O-O O-O-O 10. d3 h6 11. Nh4 g6 12. Be3 Be7 13. Qe2 Qe6 14. Nxf5 gxf5
15. Bxc6 Qxc6 16. Kh2 Kb8 17. c3 Bd6 18. f4 Rhg8 19. Rad1 Rde8 20. Qg2 Qd7 21.
fxe5 Bxe5 22. Bf4 Bd6 23. Qf3 Rg6 24. Rd2 Rge6 25. Rff2 Bc5 26. d4 Bf8 27. Qh5
Re1 28. Rfe2 R8xe2+ 29. Rxe2 Ra1 30. Qf3 a6 31. a3 Rb1 32. Kg2 Qb5 33. b4 Ka7
34. Rd2 Ra1 35. Qd3 Rxa3 36. Qxb5 axb5 37. Rc2 Kb6 38. Kf3 Bxb4 39. Bd2 Bf8 40.
Kf4 Bg7 41. Kxf5 b4 42. cxb4 Rxg3 43. Bf4 Rxh3 44. Bxc7+ Kb5 45. Be5 Rh5+ 46.
Kg4 Rg5+ 47. Kf4 Bxe5+ 48. dxe5 Rg1 49. Rh2 Rg6 50. Ke4 b6 51. Rf2 Rg7 52. Rf6
Rh7 53. Rd6 h5 54. Kf5 h4 55. Kf6 h3 56. Rd1 h2 57. Rh1 Kxb4 58. Kf5 b5 59. Ke4
Kc3 60. Ke3 b4 61. Kf2 b3 62. Kg2 b2 63. e6 fxe6 64. Re1 0-1

[Event "Kieler Open 2021"]
[Site "Kiel"]
[Date "2021.07.30"]
[Round "9.29"]
[White "Chitsazian, Daniel"]
[Black "Gut, Raphael"]
[Result "0-1"]
[WhiteElo "1142"]
[BlackElo "1736"]
[Annotator "HJH"]
[PlyCount "56"]
[EventDate "2021.??.??"]

1. c4 Nf6 2. Nc3 g6 3. d3 Bg7 4. e4 d6 5. f4 Nbd7 6. Be3 O-O 7. Qf3 c5 8. g4
Qb6 9. Qg2 Nxg4 10. Bd2 Nb8 11. Nd5 Qxb2 12. Rc1 Nc6 13. Be2 Nf6 14. Nxf6+ exf6
15. f5 Ne5 16. h4 h5 17. Nf3 Ng4 18. fxg6 fxg6 19. Nh2 f5 20. Nf3 fxe4 21. dxe4
Bd4 22. Bh6 Bf2+ 23. Kd1 Be3 24. Ra1 Qxa1+ 25. Kc2 Qxa2+ 26. Kc3 Rxf3 27. Qxf3
Bd4+ 28. Kd3 Ne5# 0-1

[Event "Kieler Open 2021"]
[Site "Kiel"]
[Date "2021.07.30"]
[Round "9.30"]
[White "Jarosch, Wolfram"]
[Black "Sturm, Simon"]
[Result "1-0"]
[WhiteElo "1731"]
[BlackElo "1533"]
[Annotator "HJH"]
[PlyCount "47"]
[EventDate "2021.??.??"]

1. e4 g6 2. d4 d6 3. f4 Bg7 4. Nf3 a6 5. Bd3 b5 6. Be3 Bb7 7. Nbd2 Nd7 8. O-O
c5 9. c3 Ngf6 10. h3 O-O 11. Qe1 Re8 12. f5 e5 13. fxg6 hxg6 14. d5 Bxd5 15.
exd5 e4 16. Nxe4 Nxe4 17. Bxe4 Rxe4 18. Ng5 Re7 19. Qh4 Nf6 20. Rxf6 Bxf6 21.
Qh7+ Kf8 22. Rf1 Rc7 23. Ne6+ fxe6 24. Bh6+ 1-0

[Event "Kieler Open 2021"]
[Site "Kiel"]
[Date "2021.07.30"]
[Round "9.32"]
[White "Riechenberg, Sebastia"]
[Black "Zielke, Bernd"]
[Result "1-0"]
[WhiteElo "985"]
[BlackElo "1647"]
[Annotator "HJH"]
[PlyCount "111"]
[EventDate "2021.??.??"]

1. e4 c5 2. Nf3 Nc6 3. d4 cxd4 4. Nxd4 d6 5. c4 e6 6. Nc3 Be7 7. Be3 Nxd4 8.
Bxd4 Nf6 9. f3 O-O 10. g4 Nd7 11. Qd2 a6 12. O-O-O b6 13. Kb1 Qc7 14. h4 Rd8
15. h5 Bf6 16. Bxf6 Nxf6 17. g5 Ne8 18. g6 h6 19. gxf7+ Qxf7 20. Be2 Bb7 21.
Qe3 Rab8 22. Rdg1 Kh8 23. Rg6 e5 24. Rhg1 Qf4 25. Qxf4 exf4 26. Nd5 Bxd5 27.
cxd5 b5 28. R6g4 Rb7 29. Rxf4 Nf6 30. Rf5 Re7 31. Rc1 Ra8 32. Rc6 Rd7 33. Kc2
Ng8 34. Kc3 Ne7 35. Rf7 Kg8 36. Rxe7 Rxe7 37. Rxd6 Rc7+ 38. Kb3 Kf8 39. f4 Rf7
40. f5 Rf6 41. Rd7 Rf7 42. Rd6 Rf6 43. Rd7 Rb6 44. e5 Rab8 45. e6 R8b7 46. Rxb7
Rxb7 47. Bf3 a5 48. Kc3 Rb8 49. Kd4 Ke7 50. Ke5 Rb6 51. Be2 b4 52. b3 Rd6 53.
Bb5 Rd8 54. Bd7 Rb8 55. d6+ Kd8 56. Bc6 1-0

[Event "Kieler Open 2021"]
[Site "Kiel"]
[Date "2021.07.30"]
[Round "9.33"]
[White "Schiller, Thomas"]
[Black "Serrer, David"]
[Result "1/2-1/2"]
[WhiteElo "1956"]
[BlackElo "1551"]
[Annotator "HJH"]
[PlyCount "52"]
[EventDate "2021.??.??"]

1. e4 e5 2. Nc3 Nf6 3. f4 d5 4. fxe5 Nxe4 5. Qf3 f5 6. d3 Nxc3 7. bxc3 d4 8.
Qg3 Nc6 9. Be2 Qd5 10. Nf3 Be6 11. c4 Bb4+ 12. Kf1 Qd7 13. Ng5 O-O-O 14. Rb1
Ba5 15. Bf3 Bb6 16. Bd2 h6 17. Nxe6 Qxe6 18. a4 g5 19. Bxc6 bxc6 20. a5 Bc5 21.
a6 f4 22. Qe1 f3 23. Bb4 Qg4 24. Qg3 fxg2+ 25. Kxg2 Qe2+ 26. Qf2 Qg4+ 1/2-1/2

[Event "Kieler Open 2021"]
[Site "Kiel"]
[Date "2021.07.30"]
[Round "9.34"]
[White "Kirchner, Philipp"]
[Black "Olde, Henning"]
[Result "0-1"]
[WhiteElo "1519"]
[BlackElo "1832"]
[Annotator "HJH"]
[PlyCount "88"]
[EventDate "2021.??.??"]

1. e4 c5 2. Nf3 d6 3. Bb5+ Nc6 4. O-O a6 5. Bxc6+ bxc6 6. c3 g6 7. d4 cxd4 8.
cxd4 Bg7 9. Nc3 Bg4 10. Be3 Nf6 11. h3 Bd7 12. e5 Nd5 13. Nxd5 cxd5 14. exd6 e6
15. Qd2 Bb5 16. Rfe1 Qxd6 17. Rac1 O-O 18. Bh6 Rfc8 19. Bxg7 Kxg7 20. Ne5 h5
21. Qh6+ Kxh6 22. Nxf7+ Kg7 23. Nxd6 Rxc1 24. Rxc1 Bd3 25. Rc7+ Kf6 26. Rf7+
Kg5 27. f4+ Kh6 28. Rf6 (28. Rb7 Bb1 29. a3) 28... Rb8 29. Rxe6 Rxb2 30. Nf7+
Kg7 31. Ne5 Be4 32. Rxa6 Rxg2+ 33. Kf1 Rb2 34. a4 Rb4 35. Ra7+ Kf6 36. a5 Rxd4
37. a6 Ra4 38. Rf7+ Ke6 39. a7 d4 40. Rc7 g5 41. Nc4 gxf4 42. Nb6 Ra6 43. Nd7
Kd6 44. Nc5 Ra1+ 0-1

[Event "Kieler Open 2021"]
[Site "Kiel"]
[Date "2021.07.30"]
[Round "9.35"]
[White "Wartenberg, Julian"]
[Black "Ehrich, Dieter"]
[Result "1-0"]
[WhiteElo "1408"]
[BlackElo "1620"]
[Annotator "HJH"]
[PlyCount "59"]
[EventDate "2021.??.??"]

1. c4 Nf6 2. g3 e6 3. Bg2 d5 4. Nf3 c6 5. b3 Be7 6. d4 O-O 7. O-O Na6 8. Nc3
dxc4 9. bxc4 Bb4 10. Bb2 Bd7 11. a3 Ba5 12. Qc2 h6 13. e4 c5 14. d5 exd5 15. e5
Ne4 16. cxd5 Nxc3 17. Bxc3 Rb8 18. Rfe1 Bxc3 19. Qxc3 Nc7 20. Qxc5 b6 21. Qd4
Nb5 {(=)} 22. Qd2 Rc8 23. e6 fxe6 24. dxe6 Bxe6 25. Qxd8 Rcxd8 26. Rxe6 Rd3 27.
Re3 Rd7 28. a4 Nc7 29. Bf1 Rdf7 30. Bc4 1-0

[Event "Kieler Open 2021"]
[Site "Kiel"]
[Date "2021.07.30"]
[Round "9.37"]
[White "von Lossow, Marcus"]
[Black "Peglau, Paul David"]
[Result "0-1"]
[WhiteElo "1697"]
[BlackElo "1365"]
[Annotator "HJH"]
[PlyCount "116"]
[EventDate "2021.??.??"]

1. e4 c6 2. d4 d5 3. e5 Bf5 4. h4 h6 5. Bd3 Bxd3 6. Qxd3 e6 7. Nf3 Nd7 8. Be3
Qc7 9. Nbd2 c5 10. c3 Rc8 11. O-O Qb6 12. Rfb1 Ne7 13. Qe2 Nf5 14. dxc5 Bxc5
15. Bxc5 Qxc5 16. Nb3 Qc4 17. Qxc4 dxc4 18. Nbd4 Nxd4 19. cxd4 Ke7 20. Rc1 Rhd8
21. Rc3 b5 22. Rac1 Nb6 23. b3 Nd5 24. R3c2 Nb4 25. Re2 c3 26. a3 Nd5 27. b4
Rd7 28. Rec2 Rdc7 29. Kf1 Nf4 30. g3 Nd3 31. Rb1 Rc4 32. Ke2 Nb2 33. Rbc1 Kd7
34. Nh2 Rxd4 35. f4 Nc4 36. Nf1 Nxa3 37. Ra2 Nc4 38. Rxa7+ Rc7 39. Rxc7+ Kxc7
40. Rxc3 Kb7 41. Rd3 Rxd3 42. Kxd3 Kc6 43. Kd4 h5 44. Ke4 Nb6 45. Ne3 Nc4 46.
f5 Nxe3 47. fxe6 fxe6 48. Kxe3 Kd5 49. Kd3 Kxe5 50. Ke3 g6 51. Kd3 Kd5 52. Kc3
Ke4 53. Kd2 Kf3 54. Kd3 e5 55. Kd2 Kxg3 56. Ke3 Kxh4 57. Ke4 Kg4 58. Kxe5 h4
0-1

[Event "Kieler Open 2021"]
[Site "Kiel"]
[Date "2021.07.30"]
[Round "9.38"]
[White "Farokhi, Darian"]
[Black "Kathage, Holger"]
[Result "0-1"]
[WhiteElo "1182"]
[BlackElo "1665"]
[Annotator "HJH"]
[PlyCount "52"]
[EventDate "2021.??.??"]

1. e4 c5 2. Nf3 e6 3. d4 cxd4 4. Nxd4 Nf6 5. Nc3 d6 6. Bd3 a6 7. f4 Qc7 8. a4
b6 9. O-O Bb7 10. Kh1 Nc6 11. Nxc6 Bxc6 12. Bd2 Qb7 13. Qe2 Be7 14. Rf3 d5 15.
exd5 Nxd5 16. Nxd5 Bxd5 17. Rg3 Bf6 18. c3 O-O 19. Qh5 g6 20. Qh6 Bg7 21. Qh4
Rfd8 22. Qh3 Rd6 23. Be1 Rad8 24. Bc2 b5 25. axb5 Qxb5 26. b3 Qf1# 0-1

[Event "Kieler Open 2021"]
[Site "Kiel"]
[Date "2021.07.30"]
[Round "9.39"]
[White "Sauer, Andreas"]
[Black "Klein, Edmund"]
[Result "1-0"]
[WhiteElo "1180"]
[BlackElo "1636"]
[Annotator "HJH"]
[PlyCount "87"]
[EventDate "2021.??.??"]

1. e4 e6 2. d4 d5 3. exd5 exd5 4. Nc3 c6 5. Nf3 Bd6 6. Bd3 Ne7 7. Bg5 f6 8. Bh4
Bf5 9. O-O Bxd3 10. Qxd3 O-O 11. a3 Qd7 12. Ne2 Qf5 13. Rad1 Qxd3 14. Rxd3 Nf5
15. g4 Nxh4 16. Nxh4 Nd7 17. Nf5 Bc7 18. h4 g6 19. Nfg3 Rfe8 20. Kg2 Re7 21.
Re3 Rae8 22. Rxe7 Rxe7 23. f4 Nb6 24. b3 Nc8 25. Kf3 Nd6 26. f5 Bb6 27. a4 Ne4
28. Nxe4 Rxe4 29. c3 gxf5 30. Rg1 Rxg4 31. Rxg4+ fxg4+ 32. Kxg4 Bc7 33. Kf5 Kf7
34. c4 dxc4 35. bxc4 a6 36. Nc3 Bg3 37. h5 Bf2 38. d5 Bd4 39. Ne4 b5 40. dxc6
Bb6 41. axb5 axb5 42. cxb5 Kg7 43. Nxf6 h6 44. Nd5 1-0

[Event "Kieler Open 2021"]
[Site "Kiel"]
[Date "2021.07.30"]
[Round "9.40"]
[White "Diederichs, Karl"]
[Black "Hock, Reiner"]
[Result "1-0"]
[WhiteElo "1620"]
[BlackElo "998"]
[Annotator "HJH"]
[PlyCount "63"]
[EventDate "2021.??.??"]

1. d4 Nf6 2. Nf3 d6 3. Nc3 c6 4. e4 Bg4 5. Be2 Bxf3 6. Bxf3 e5 7. dxe5 dxe5 8.
Qxd8+ Kxd8 9. Bg5 Nbd7 10. O-O-O Kc7 11. Rd3 h6 12. Bxf6 Nxf6 13. Rhd1 Bd6 14.
Rxd6 Rad8 15. Rxd8 Rxd8 16. Rxd8 Kxd8 17. Kd2 g5 18. h3 b5 19. Ne2 Nd7 20. Ng3
Nb6 21. b3 a5 22. Nf5 a4 23. Nxh6 f6 24. Ng8 Nd7 25. Bg4 axb3 26. axb3 c5 27.
Bxd7 Kxd7 28. Nxf6+ Kd6 29. Nd5 c4 30. g3 Kc5 31. b4+ Kd4 32. f3 1-0

[Event "Kieler Open 2021"]
[Site "Kiel"]
[Date "2021.07.30"]
[Round "9.41"]
[White "Wartenberg, Alexander"]
[Black "Beerbaum, Philipp"]
[Result "1-0"]
[WhiteElo "1424"]
[BlackElo "1360"]
[Annotator "HJH"]
[PlyCount "87"]
[EventDate "2021.??.??"]

1. e4 c5 2. Nf3 Nc6 3. d4 cxd4 4. Nxd4 Nf6 5. Nc3 e5 6. Nb3 Bb4 7. Bd3 d5 8.
exd5 Nxd5 9. Bd2 Nxc3 10. bxc3 Be7 11. O-O Be6 12. Qe2 O-O 13. Rad1 Rc8 14. Bb5
Bf6 15. Be3 Qc7 16. Bc5 Rfd8 17. Rxd8+ Rxd8 18. Rd1 Rxd1+ 19. Qxd1 h6 20. Bd6
Qb6 21. Bxc6 Qxc6 22. Bb4 b6 23. Qd2 a5 24. Ba3 a4 25. Nc1 e4 26. Bb2 Qb5 27.
Ba3 Bxa2 28. Nxa2 Qb1+ 29. Nc1 Qa1 30. Qd6 Qxc3 31. Qf8+ Kh7 32. g3 Qxc2 33.
Qxf7 b5 34. Qd7 Qc4 35. Qf5+ Kh8 36. Qh5 b4 37. Qe8+ Kh7 38. Qxa4 Be7 39. Bb2
Bf6 40. Qa1 Qc2 41. Bxf6 gxf6 42. Qa7+ Kg6 43. Qe3 b3 44. Nxb3 1-0

[Event "Kieler Open 2021"]
[Site "Kiel"]
[Date "2021.07.30"]
[Round "9.43"]
[White "Wang, Kaiwen"]
[Black "Pennekamp, Christoph"]
[Result "1-0"]
[WhiteElo "1068"]
[BlackElo "1541"]
[Annotator "HJH"]
[PlyCount "23"]
[EventDate "2021.??.??"]

1. e4 c6 2. d4 d5 3. exd5 cxd5 4. c4 Nf6 5. Nc3 Be6 6. cxd5 Nxd5 7. Nf3 Nc6 8.
Bb5 Bd7 9. Nxd5 Bg4 10. Bxc6+ bxc6 11. Ne3 Qa5+ 12. Bd2 1-0

[Event "Kieler Open 2021"]
[Site "Kiel"]
[Date "2021.07.30"]
[Round "9.44"]
[White "Tran, Hanna Emilie Ma"]
[Black "Möller, Rainer"]
[Result "0-1"]
[WhiteElo "984"]
[BlackElo "1365"]
[Annotator "HJH"]
[PlyCount "52"]
[EventDate "2021.??.??"]

1. e4 c5 2. Nf3 d6 3. d4 cxd4 4. Nxd4 Nc6 5. Nb3 Nf6 6. Nc3 e6 7. Bg5 Be7 8.
Bb5 O-O 9. O-O h6 10. Bh4 a6 11. Bxc6 bxc6 12. Re1 Qc7 13. Re3 Bb7 14. Rg3 Kh8
15. Bxf6 Bxf6 16. Qg4 Rg8 17. Ne2 e5 18. f4 exf4 19. Nxf4 Be5 20. Rh3 Bc8 21.
Rxh6+ gxh6 22. Qh4 Kh7 23. Rf1 Rg4 24. Qh5 Rxf4 25. Rxf4 Bxf4 26. Nd4 Be3+ 0-1